30 Most Common US County Names - Statistics

General Stats
  • This quiz has been taken 129 times
  • The average score is 15 of 30
Answer Stats
Hint Answer % Correct
30 Washington
96%
25 Jefferson
93%
12 Adams
92%
23 Lincoln
89%
23 Jackson
87%
19 Madison
83%
17 Monroe
82%
24 Franklin
72%
12 Johnson
71%
14 Grant
66%
12 Polk
64%
12 Lake
60%
12 Clark
53%
12 Lee
53%
14 Greene
43%
18 Montgomery
42%
18 Clay
36%
16 Wayne
33%
17 Union
32%
11 Fayette
28%
14 Warren
28%
12 Douglas
27%
17 Marion
26%
11 Calhoun
24%
11 Morgan
22%
11 Lawrence
21%
11 Scott
18%
12 Marshall
16%
13 Carroll
15%
11 Crawford
15%
No matching quizzes found
Score Distribution
Percent of People with Each Score
Percentile by Number Answered
Your Score History
You have not taken this quiz